| 000 | 00358nam a22001457a 4500 | ||
|---|---|---|---|
| 008 | 250414b ||||| |||| 00| 0 eng d | ||
| 020 | _a9788808220936 | ||
| 041 | _aITALIAN | ||
| 080 |
_22021 _a371TIB |
||
| 082 |
_2371TIB _a371TIB |
||
| 100 | _a22 | ||
| 101 | _aGJUHA ITALIANE | ||
| 245 |
_aDIZIONARIO DELLE COLLOCAZIONI _cTIBERII PAOLA |
||
| 942 |
_2udc _cBK |
||
| 999 |
_c60643 _d60643 |
||